1325 1516 1018 1283 1593 1182 1487 1817 1528 1690 1388 1355 1759 1969 1541 1212 1901 1849 1300 1380 1871 1802 1562 1698 1722 1292 1767 1239 1494 1123 1308 1902 1064 1128 1883 1257 1070 1110 1678 1723 1195 1510 1663 1487 1958 1192 1946 1475 1846 1374 1112 1481 1691 1815 1399 1769 1552 1556 1028 1372 1653 1251 1659 1610 1329 1231 1616 1624 1304 1675 1976 1298 1722 1743 1898 1736 1680 1149 1713 1842 1743 1484 1786 1664 1546 1794 1782 1049 1946 1253 1908 1393 1976 1925 1301 1730 1840 1402 1321 BCNSPRNW ULIB Ver.6.0+V

เปลี่ยนเป็นภาษาไทย

Change to English
 แสดงรายละเอียดบรรณานุกรม
  กลับหน้าหลัก

Brief Record : Get Marc (ISO 2709) : E-mail record : QR code < ปิดหน้าต่าง
LEADER : 00000nam 2200000uu 4500
001    13399127601
003     ULIB
008    210224s2561||||th 000 0 tha d
020    ^a9789746523165^c450
060  4 ^aQS504^bก768จ
100 0  ^aเกล็ดแก้ว ด่านวิวัฒน์
245 10 ^aจุลกายวิภาคศาสตร์ /^cเกล็ดแก้ว ด่านวิวัฒน์
250    ^aพิมพ์ครั้งที่ 2
260    ^aกรุงเทพฯ :^bไอกรุ๊ป เพรส,^c2561
300    ^aav, 212 หน้า :^bภาพประกอบ
650  2 ^aHistology
650  4 ^aจุลกายวิภาคศาสตร์
945    ^p450^l0^i28646
945    ^p450^l0^i28647
945    ^p450^l0^i28648
945    ^p450^l0^i28649
945    ^p450^l0^i28650
999    ^aกัณชพร จุลอักษร
รายการนี้ยังไม่มีแท็ก
คุณยังไม่ได้ล็อกอิน คุณสามารถมีกิจกรรมร่วมกับเว็บไซต์ได้ แต่ต้องล็อกอินก่อน ::
  ล็อกอิน

รายการสื่อสารสนเทศ

ลำดับที่ ประเภท เลขเรียก/บาร์โค้ด สถานที่ สถานะ
1. หนังสือสำรอง
หนังสือสำรอง
QS504 ก768จ ฉ.1 
  Barcode: 28646
ห้องสมุดวิทยาเขตนครสวรรค์
►หนังสือทั่วไป:l:General Books
บนชั้น
2. วิทยาศาสตร์การแพทย์ และสุขภาพ
วิทยาศาสตร์การแพทย์ และสุขภาพ
QS504 ก768จ ฉ.2 
  Barcode: 28647
ห้องสมุดวิทยาเขตนครสวรรค์
►หนังสือทั่วไป:l:General Books
บนชั้น
3. วิทยาศาสตร์การแพทย์ และสุขภาพ
วิทยาศาสตร์การแพทย์ และสุขภาพ
QS504 ก768จ ฉ.3 
  Barcode: 28648
ห้องสมุดวิทยาเขตนครสวรรค์
►หนังสือทั่วไป:l:General Books
บนชั้น
4. วิทยาศาสตร์การแพทย์ และสุขภาพ
วิทยาศาสตร์การแพทย์ และสุขภาพ
QS504 ก768จ ฉ.4 
  Barcode: 28649
ห้องสมุดวิทยาเขตนครสวรรค์
►หนังสือทั่วไป:l:General Books
บนชั้น
5. วิทยาศาสตร์การแพทย์ และสุขภาพ
วิทยาศาสตร์การแพทย์ และสุขภาพ
QS504 ก768จ ฉ.5 
  Barcode: 28650
ห้องสมุดวิทยาเขตนครสวรรค์
►หนังสือทั่วไป:l:General Books
บนชั้น

รายการใกล้เคียง
    ผู้แต่ง [เกล็ดแก้ว ด่านวิวัฒน์]

    หัวเรื่อง [Histology]
    หัวเรื่อง [จุลกายวิภาคศาสตร์]

BibComment


ยังไม่เคยถูกคอมเมนท์

คอมเมนท์ทรัพยากรรายการนี้
  คอมเมนท์: จุลกายวิภาคศาสตร..


 Copyright 2026. Bcnsprnw @Library